| 000 | 00584cam a2200145 4500500 | ||
|---|---|---|---|
| 005 | 20251228052420.0 | ||
| 041 | _afre | ||
| 042 | _adc | ||
| 100 | 1 | 0 |
_aJakšić, Milena _eauthor |
| 245 | 0 | 0 | _aHANDMAN, Marie-Élisabeth & MOSSUZ-LAVAU, Janine (dir.). — La prostitution à Paris. Paris, La Martinière, 2005, 425 p. |
| 260 | _c2005. | ||
| 500 | _a61 | ||
| 786 | 0 | _nCahiers d'études africaines | 179-180 | 3 | 2005-10-01 | p. 1179e-1208e | 0008-0055 | |
| 856 | 4 | 1 | _uhttps://shs.cairn.info/revue-cahiers-d-etudes-africaines-2005-3-page-1179e?lang=fr&redirect-ssocas=7080 |
| 999 |
_c1583512 _d1583512 |
||